[Event "FIDE Women’s World Rapid Championships 2024"]
[White "Munkhzul, Davaakhuu"]
[Black "Mungunzul, Bat-Erdene"]
[Site "New York, USA"]
[Round "2"]
[Board "46"]
[Result "0-1"]
[Date "2024.12.26"]
[WhiteElo "2006"]
[BlackElo "2281"]
[PlyCount "58"]
[GameId "2127263830315442"]
[EventDate "2024.12.26"]
[EventType "rapid"]
[EventRounds "11"]
[EventCountry "FID"]

1. e4 e5 2. Nf3 Nc6 3. Bb5 a6 4. Ba4 Nf6 5. O-O Be7 6. Re1 b5 7. Bb3 d6 8. c3 O-O 9. h3 Nb8 10. d4 Nbd7 11. Nbd2 Bb7 12. Bc2 Re8 13. Nf1 Bf8 14. Ng3 a5 15. a4 b4 16. Bd2 exd4 17. cxb4 axb4 18. Nxd4 g6 19. Bf4 Ne5 20. Qd2 c5 21. Nb5 Bc6 22. Bb3 Qb8 23. Bxe5 dxe5 24. Bc4 Rd8 25. Qg5 Bg7 26. f4 exf4 27. e5 Nd5 28. Bxd5 Rxd5 29. Qxf4 Bxe5 0-1

[Event "FIDE Women’s World Rapid Championships 2024"]
[White "Lesbekova, Assel"]
[Black "Priyanka, Nutakki"]
[Site "New York, USA"]
[Round "2"]
[Board "47"]
[Result "0-1"]
[Date "2024.12.26"]
[WhiteElo "1973"]
[BlackElo "2256"]
[PlyCount "124"]
[GameId "2127263830315443"]
[EventDate "2024.12.26"]
[EventType "rapid"]
[EventRounds "11"]
[EventCountry "FID"]

1. d4 d5 2. Bf4 c5 3. e3 Nc6 4. Nc3 a6 5. Nf3 Nf6 6. Ne5 cxd4 7. exd4 Qb6 8. Na4 Qd8 9. c3 e6 10. Qb3 Nxe5 11. dxe5 Nd7 12. c4 dxc4 13. Qxc4 b5 14. Qe4 Rb8 15. Nc3 Bb7 16. Qe3 Qa5 17. Rd1 b4 18. Ne4 b3+ 19. Nc3 bxa2 20. Ra1 Bb4 21. Bc4 Bxc3+ 22. Qxc3 Qxc3+ 23. bxc3 Bxg2 24. Rg1 Bd5 25. Bxd5 exd5 26. Ke2 Rb2+ 27. Kf3 O-O 28. Rgd1 g5 29. Rxd5 Nb6 30. Rd2 Rb1 31. Rdxa2 Rxa1 32. Rxa1 gxf4 33. Rxa6 Nc4 34. Kxf4 Re8 35. Kf5 Nxe5 36. f4 Ng6 37. Ra3 Kg7 38. c4 Rc8 39. Rc3 Rc5+ 40. Ke4 Nf8 41. Rc1 f5+ 42. Kd3 Ne6 43. Re1 Kf6 44. Rf1 Ra5 45. Kc3 Ra2 46. h3 Rh2 47. Rf3 h5 48. Kb4 Rb2+ 49. Ka3 Rc2 50. Kb4 h4 51. Rf1 Rb2+ 52. Kc3 Rh2 53. Rf3 Rg2 54. Kb4 Rg3 55. Rf1 Rxh3 56. c5 Rh2 57. Rc1 h3 58. c6 Rb2+ 59. Kc4 h2 60. Kd5 Nxf4+ 61. Kd6 Rd2+ 62. Kc7 Ne6+ 0-1

[Event "FIDE Women’s World Rapid Championships 2024"]
[White "Agrest, Inna"]
[Black "Durrfeld, Sofie Bech"]
[Site "New York, USA"]
[Round "2"]
[Board "48"]
[Result "1-0"]
[Date "2024.12.26"]
[WhiteElo "2248"]
[BlackElo "1875"]
[PlyCount "81"]
[GameId "2127263830315444"]
[EventDate "2024.12.26"]
[EventType "rapid"]
[EventRounds "11"]
[EventCountry "FID"]

1. e4 c5 2. Nf3 g6 3. d4 cxd4 4. Nxd4 Bg7 5. c4 Nc6 6. Nc2 Nf6 7. Nc3 d6 8. Be2 b6 9. O-O O-O 10. Bg5 Bb7 11. Qd2 Rc8 12. b3 Qd7 13. Rad1 Qe6 14. f3 Nd7 15. Nd5 Nf6 16. Rfe1 Nd8 17. Nd4 Qd7 18. Bxf6 exf6 19. Nc3 a6 20. a4 f5 21. exf5 d5 22. cxd5 Bxd5 23. Bxa6 Ra8 24. Bb5 Qd6 25. Nxd5 Qxd5 26. Bc4 Qc5 27. Kh1 Nb7 28. Nb5 Na5 29. Bd5 Rad8 30. b4 Rxd5 31. bxc5 Rxd2 32. Rxd2 bxc5 33. Rd5 Rc8 34. Nd6 Rc6 35. Re8+ Bf8 36. f6 Rb6 37. h4 Rb1+ 38. Kh2 Rb4 39. Ne4 Rxa4 40. Rxf8+ Kxf8 41. Rd8# 1-0

[Event "FIDE Women’s World Rapid Championships 2024"]
[White "Noshin, Anjum"]
[Black "Balabayeva, Xeniya"]
[Site "New York, USA"]
[Round "2"]
[Board "49"]
[Result "0-1"]
[Date "2024.12.26"]
[WhiteElo "1910"]
[BlackElo "2247"]
[PlyCount "56"]
[GameId "2127263830315445"]
[EventDate "2024.12.26"]
[EventType "rapid"]
[EventRounds "11"]
[EventCountry "FID"]

1. e4 c6 2. d4 d5 3. e5 Bf5 4. h4 h5 5. Bd3 Bxd3 6. Qxd3 Qa5+ 7. Nd2 e6 8. Ngf3 Ne7 9. O-O Nf5 10. c4 Nd7 11. b3 Be7 12. g3 O-O 13. Rd1 Rfd8 14. Nf1 dxc4 15. Qxc4 Nb6 16. Qe2 Nd5 17. Bd2 Qb5 18. Qxb5 cxb5 19. Ne3 Ba3 20. Nxf5 exf5 21. b4 Rac8 22. Rab1 Rc2 23. Bg5 Rdc8 24. Rd3 Rxa2 25. Rbb3 Bxb4 26. Be3 a5 27. Rd1 Rc3 28. Rxc3 Bxc3 0-1

[Event "FIDE Women’s World Rapid Championships 2024"]
[White "Abrahamyan, Tatev"]
[Black "Stanford, Sheila Barth"]
[Site "New York, USA"]
[Round "2"]
[Board "50"]
[Result "1-0"]
[Date "2024.12.26"]
[WhiteElo "2305"]
[BlackElo "2103"]
[PlyCount "77"]
[GameId "2127263830315446"]
[EventDate "2024.12.26"]
[EventType "rapid"]
[EventRounds "11"]
[EventCountry "FID"]

1. e4 g6 2. d4 Bg7 3. Nf3 d6 4. Bc4 Nf6 5. Qe2 O-O 6. e5 dxe5 7. dxe5 Nd5 8. h3 Nb6 9. Bb3 a5 10. a4 Nc6 11. O-O Nd4 12. Nxd4 Qxd4 13. Re1 Be6 14. Nc3 Bxb3 15. cxb3 e6 16. Nb5 Qd7 17. Bg5 Nd5 18. Red1 h6 19. Bh4 Ra6 20. Rac1 Rc6 21. Rc4 g5 22. Bg3 Qe7 23. Rxc6 bxc6 24. Nd4 Qb4 25. Qc4 c5 26. Nc6 Qb6 27. Qb5 Ra8 28. Rc1 Bf8 29. f3 Ra6 30. Qxb6 cxb6 31. Kf1 Ra8 32. Ke2 Kg7 33. Kd3 Kg6 34. Kc4 h5 35. Kb5 Bg7 36. h4 gxh4 37. Bxh4 Kf5 38. Re1 Nf4 39. Ne7# 1-0

[Event "FIDE Women’s World Rapid Championships 2024"]
[White "Cervantes Landeiro, Thalia"]
[Black "Derlich, Sarah Sima"]
[Site "New York, USA"]
[Round "2"]
[Board "51"]
[Result "0-1"]
[Date "2024.12.26"]
[WhiteElo "2244"]
[BlackElo "1807"]
[PlyCount "118"]
[GameId "2127263830315447"]
[EventDate "2024.12.26"]
[EventType "rapid"]
[EventRounds "11"]
[EventCountry "FID"]

1. d4 d5 2. c4 e6 3. Nc3 Nf6 4. cxd5 exd5 5. Bg5 Be7 6. e3 h6 7. Bh4 O-O 8. Bd3 c6 9. Qc2 Nbd7 10. Nf3 Re8 11. O-O Ne4 12. Bxe7 Qxe7 13. Rae1 Ndf6 14. Ne5 Bf5 15. f3 Nxc3 16. bxc3 Bxd3 17. Qxd3 Qa3 18. Qc2 c5 19. Qf2 Rac8 20. Rb1 b6 21. Rb3 Qa5 22. Qb2 Qa6 23. Ra3 Qb7 24. Qb5 Re7 25. Rb3 Ne8 26. a4 Nd6 27. Qe2 f6 28. Ng6 Ree8 29. Nf4 Nc4 30. e4 Na5 31. Rbb1 dxe4 32. d5 exf3 33. Qxf3 Re5 34. Rbd1 Rd8 35. Rfe1 Nc4 36. Re4 Rxe4 37. Qxe4 Ne5 38. c4 Qd7 39. a5 Qa4 40. Rc1 Qxa5 41. Ne6 Re8 42. Nc7 Rd8 43. Ne6 Rd6 44. Qe3 Qa2 45. Qg3 Rd7 46. Qf4 Qe2 47. h4 Qg4 48. Qf2 Nd3 49. Qe3 Nxc1 50. Qxc1 Qe4 51. Qc3 Re7 52. Qg3 Qe5 53. Qg4 Rxe6 54. dxe6 Qd4+ 55. Qxd4 cxd4 56. Kf2 Kf8 57. Ke2 Ke7 58. Kd3 Kxe6 59. Kxd4 h5 0-1

[Event "FIDE Women’s World Rapid Championships 2024"]
[White "Berezovska, Svetlana"]
[Black "Cori T., Deysi"]
[Site "New York, USA"]
[Round "2"]
[Board "52"]
[Result "0-1"]
[Date "2024.12.26"]
[WhiteElo "1850"]
[BlackElo "2243"]
[PlyCount "78"]
[GameId "2127263830319544"]
[EventDate "2024.12.26"]
[EventType "rapid"]
[EventRounds "11"]
[EventCountry "FID"]

1. e4 e6 2. d4 d5 3. Bd3 Be7 4. e5 c5 5. c3 Nc6 6. Bc2 Qc7 7. Nf3 cxd4 8. cxd4 Nb4 9. Bb3 Nd3+ 10. Qxd3 Qxc1+ 11. Qd1 Qxb2 12. Nbd2 Bd7 13. Rb1 Qa3 14. O-O Rc8 15. Re1 Nh6 16. Bc2 b6 17. h3 Nf5 18. g4 Nh4 19. Re3 Qa5 20. Nb3 Qxa2 21. Ne1 Bg5 22. Ra1 Qb2 23. Rb1 Qa3 24. Ra1 Qe7 25. Re2 a5 26. Qd3 Ng6 27. Ng2 Qb4 28. Qd1 Bb5 29. Re1 Qc3 30. Ra2 Qxh3 31. Nc1 Nf4 32. Ne3 O-O 33. Bd3 Rxc1 34. Qxc1 Nxd3 35. Qc3 Nxe1 36. Qxe1 Bd3 37. Rd2 Be4 38. f4 Qh1+ 39. Kf2 Bh4+ 0-1

[Event "FIDE Women’s World Rapid Championships 2024"]
[White "Machlik, Monika"]
[Black "Charkhalashvili, Inga"]
[Site "New York, USA"]
[Round "2"]
[Board "53"]
[Result "1/2-1/2"]
[Date "2024.12.26"]
[WhiteElo "2079"]
[BlackElo "2289"]
[PlyCount "237"]
[GameId "2127263830319545"]
[EventDate "2024.12.26"]
[EventType "rapid"]
[EventRounds "11"]
[EventCountry "FID"]

1. d4 Nf6 2. c4 e6 3. Nc3 d5 4. cxd5 exd5 5. Bg5 c6 6. e3 Be7 7. Bd3 O-O 8. h3 Re8 9. Bf4 c5 10. Nf3 Nc6 11. O-O a6 12. dxc5 Bxc5 13. Rc1 h6 14. Bb1 Ba7 15. Ne2 Bd7 16. Ned4 Rc8 17. Nf5 Bxf5 18. Bxf5 Ra8 19. Qb3 Qe7 20. Rfd1 Rad8 21. Bb1 d4 22. exd4 Nxd4 23. Nxd4 Bxd4 24. Bd3 Ne4 25. Bxe4 Qxe4 26. Bg3 Rd7 27. Re1 Qxe1+ 28. Rxe1 Rxe1+ 29. Kh2 b5 30. Qb4 Re2 31. Qa5 Re6 32. Qb4 Kh7 33. Qb3 g6 34. Qc2 Bg7 35. Bf4 Rd5 36. Be3 Bd4 37. Bxd4 Rxd4 38. Qc7 Kg7 39. Qc3 Red6 40. a3 Kh7 41. Qc7 Rf6 42. Qe5 Rdd6 43. Qe3 Rfe6 44. Qf3 Kg8 45. Qa8+ Kg7 46. Qf3 Rc6 47. Qd3 Red6 48. Qe4 Re6 49. Qd4+ Kh7 50. Qd3 h5 51. h4 Rc4 52. g3 Rce4 53. Kg2 Re2 54. Qc3 Rd6 55. Qf3 Re7 56. Qc3 Ree6 57. Qc7 Rf6 58. Qe7 Rde6 59. Qd8 Rf5 60. Qd2 Rc6 61. Qd3 Rc4 62. Qd2 Kg7 63. Qd3 Kh7 64. Qd2 Rc6 65. Qd3 Rcf6 66. f4 Rc6 67. Kh3 Rff6 68. Qd7 Rcd6 69. Qe7 Kg7 70. Qe5 Rde6 71. Qd4 Kh7 72. Qc3 Rf5 73. Qd3 Rc6 74. Qe4 Rfc5 75. Qe7 Rc7 76. Qd6 R5c6 77. Qd5 Rc5 78. Qd6 R5c6 79. Qd5 f5 80. Qd4 Kg8 81. Qd5+ Kg7 82. Qd4+ Kh7 83. Qe5 Rd7 84. Qe8 Rcd6 85. Qe5 Rd2 86. Qe6 a5 87. Qc6 b4 88. axb4 axb4 89. Qb5 R2d4 90. Qe5 b3 91. Qe6 Rd3 92. Qe5 Kg8 93. Qe6+ Kg7 94. Qe5+ Kf7 95. Qb5 R7d6 96. Qc4+ Kf6 97. Qg8 Rd8 98. Qc4 Ke7 99. Qc7+ R8d7 100. Qe5+ Kf7 101. Qb5 Ke6 102. Qe5+ Kf7 103. Qb5 R7d6 104. Qc4+ Kf6 105. Qc8 Rd8 106. Qc6+ Kg7 107. Qc7+ R8d7 108. Qe5+ Kh7 109. Qb5 Kh6 110. Qc6 Kh7 111. Qc4 Re3 112. Qc5 Rdd3 113. Qc7+ Kh6 114. Qc8 Rxg3+ 115. Kh2 Kg7 116. Qc7+ Kf6 117. Qc6+ Ke7 118. Qc7+ Ke6 119. Qc6+ 1/2-1/2

[Event "FIDE Women’s World Rapid Championships 2024"]
[White "Berezovsky, Fiorina"]
[Black "Mou, Iris"]
[Site "New York, USA"]
[Round "2"]
[Board "54"]
[Result "0-1"]
[Date "2024.12.26"]
[WhiteElo "1786"]
[BlackElo "2226"]
[PlyCount "74"]
[GameId "2127263830319546"]
[EventDate "2024.12.26"]
[EventType "rapid"]
[EventRounds "11"]
[EventCountry "FID"]

1. d4 d5 2. c4 e6 3. Nc3 c5 4. cxd5 cxd4 5. Qxd4 Nc6 6. Qd1 exd5 7. e3 Nf6 8. Nf3 Bb4 9. Bd3 Bg4 10. Bd2 O-O 11. a3 Ba5 12. O-O a6 13. h3 Bh5 14. Be2 Bc7 15. Nd4 Qd6 16. g3 Bg6 17. Bf3 Ne4 18. Nce2 Nxd2 19. Qxd2 Ne5 20. Bg2 Nc4 21. Qc3 b5 22. Nf4 Be4 23. Bxe4 dxe4 24. Nf5 Qe5 25. Qxe5 Bxe5 26. Ne7+ Kh8 27. Nc6 Bxb2 28. Rad1 Bxa3 29. Rd4 Rac8 30. Rxc4 bxc4 31. Nd4 Bb2 32. Nc2 a5 33. Nd5 Rc6 34. Rb1 c3 35. Kf1 Rd8 36. Ne7 Rc5 37. g4 g6 0-1

[Event "FIDE Women’s World Rapid Championships 2024"]
[White "Peycheva, Gergana"]
[Black "Naisanga, Sheba Valentine"]
[Site "New York, USA"]
[Round "2"]
[Board "55"]
[Result "1-0"]
[Date "2024.12.26"]
[WhiteElo "2222"]
[BlackElo "1626"]
[PlyCount "105"]
[GameId "2127263830319547"]
[EventDate "2024.12.26"]
[EventType "rapid"]
[EventRounds "11"]
[EventCountry "FID"]

1. d4 d5 2. c4 e6 3. Nc3 Be7 4. Nf3 Nf6 5. cxd5 exd5 6. Bg5 h6 7. Bh4 O-O 8. Qc2 Nbd7 9. e3 a6 10. Bd3 b5 11. O-O Bb7 12. Rad1 Rc8 13. Qe2 c5 14. dxc5 Nxc5 15. Bf5 Ra8 16. Nd4 g6 17. Bc2 Qc7 18. Rc1 Qd7 19. Rfd1 Rfe8 20. a3 Qg4 21. Bxf6 Qxe2 22. Ncxe2 Bxf6 23. Bxg6 fxg6 24. Rxc5 Rac8 25. Rdc1 Rxc5 26. Rxc5 Rc8 27. Rxc8+ Bxc8 28. Nf4 Bb7 29. Nxg6 Kf7 30. Nf4 Be5 31. Nd3 Bf6 32. f3 Kg6 33. Kf2 h5 34. g3 Kg5 35. h4+ Kg6 36. b4 Bc8 37. Nf4+ Kh6 38. Nxd5 Be5 39. Ne7 Bb7 40. Nef5+ Kg6 41. e4 Bc7 42. Ke3 Kf6 43. f4 Bc8 44. e5+ Kg6 45. Nd6 Bxd6 46. exd6 Kf6 47. Nb3 Ke6 48. Nc5+ Kxd6 49. Kd4 Kc6 50. Ke5 Kb6 51. f5 a5 52. f6 axb4 53. axb4 1-0

[Event "FIDE Women’s World Rapid Championships 2024"]
[White "Sukandar, Irine Kharisma"]
[Black "Ju, Wenjun"]
[Site "New York, USA"]
[Round "3"]
[Board "1"]
[Result "1/2-1/2"]
[Date "2024.12.26"]
[WhiteElo "2354"]
[BlackElo "2536"]
[PlyCount "115"]
[GameId "2127263858770393"]
[EventDate "2024.12.26"]
[EventType "rapid"]
[EventRounds "11"]
[EventCountry "FID"]

1. e4 e5 2. Nf3 Nc6 3. Bc4 Nf6 4. d3 Be7 5. a4 O-O 6. Nc3 d6 7. h3 Be6 8. O-O Nxe4 9. Nxe4 d5 10. Bb5 dxe4 11. dxe4 Nd4 12. Nxe5 Nxb5 13. axb5 Bd6 14. Nd3 Qe8 15. Bd2 Qxb5 16. Ra5 Qc6 17. Re1 b6 18. Rh5 g6 19. Rh4 Be7 20. Rf4 Rad8 21. Bc3 f6 22. Rf3 Bc4 23. Qa1 a5 24. Nf4 a4 25. Nd5 Bxd5 26. exd5 Qd7 27. Re6 Bc5 28. Bxf6 Qxd5 29. Qe1 Rd6 30. Re8 Qf7 31. Rxf8+ Qxf8 32. Bg7 Kxg7 33. Rxf8 Kxf8 34. Kh2 Rf6 35. f3 Bd6+ 36. Kg1 b5 37. Qe4 Rf5 38. g4 Re5 39. Qa8+ Kg7 40. Qc6 g5 41. Qd7+ Kg6 42. Kf1 h6 43. Qc8 b4 44. h4 a3 45. h5+ Kg7 46. bxa3 bxa3 47. Qd7+ Re7 48. Qf5 a2 49. Qa5 Re3 50. Qxa2 Rxf3+ 51. Ke2 Rf7 52. Qb2+ Rf6 53. Qd4 Kf7 54. Qd3 Kg7 55. Qd4 Kf7 56. Qd3 Kg7 57. Qd4 Kf7 58. Qd3 1/2-1/2

[Event "FIDE Women’s World Rapid Championships 2024"]
[White "Song, Yuxin"]
[Black "Tan, Zhongyi"]
[Site "New York, USA"]
[Round "3"]
[Board "2"]
[Result "1/2-1/2"]
[Date "2024.12.26"]
[WhiteElo "2347"]
[BlackElo "2502"]
[PlyCount "54"]
[GameId "2127263858774490"]
[EventDate "2024.12.26"]
[EventType "rapid"]
[EventRounds "11"]
[EventCountry "FID"]

1. e4 e5 2. Nf3 Nc6 3. Bb5 a6 4. Ba4 Nf6 5. O-O Be7 6. Re1 b5 7. Bb3 O-O 8. a4 Na5 9. axb5 Nxb3 10. cxb3 Bb7 11. bxa6 d5 12. Nxe5 dxe4 13. Nc3 Rxa6 14. Rxa6 Bxa6 15. Nc6 Qd6 16. Nxe7+ Qxe7 17. d4 h6 18. Bf4 Rd8 19. Be5 Bb7 20. Bxf6 Qxf6 21. Nxe4 Qxd4 22. Qxd4 Rxd4 23. Nc3 Rg4 24. g3 Rb4 25. Re8+ Kh7 26. Re7 f5 27. Rxc7 Rxb3 1/2-1/2

[Event "FIDE Women’s World Rapid Championships 2024"]
[White "Tokhirjonova, Gulrukhbegim"]
[Black "Lee, Alice"]
[Site "New York, USA"]
[Round "3"]
[Board "3"]
[Result "0-1"]
[Date "2024.12.26"]
[WhiteElo "2307"]
[BlackElo "2415"]
[PlyCount "98"]
[GameId "2127263858774491"]
[EventDate "2024.12.26"]
[EventType "rapid"]
[EventRounds "11"]
[EventCountry "FID"]

1. e4 c5 2. Nf3 Nc6 3. Bb5 e6 4. O-O Nd4 5. Ba4 Bd6 6. c3 Nxf3+ 7. Qxf3 Qc7 8. h3 Ne7 9. d4 Ng6 10. Be3 O-O 11. Nd2 Rb8 12. Rac1 b5 13. Bc2 Bb7 14. Qg4 f5 15. Qe2 Bh2+ 16. Kh1 f4 17. Nf3 fxe3 18. Nxh2 cxd4 19. cxd4 exf2 20. Nf3 Qf4 21. Rcd1 Qh6 22. Qxf2 Rf4 23. d5 Rbf8 24. Qxa7 Bc8 25. dxe6 dxe6 26. Qc7 e5 27. Bb3+ Kh8 28. Nh2 Qg5 29. Qc5 Qf6 30. Rxf4 Nxf4 31. Qd6 Ne2 32. Qxf6 gxf6 33. Nf1 Bb7 34. Bd5 Rd8 35. Ne3 Bc8 36. Kh2 Nd4 37. Rc1 Bd7 38. Rc7 Kg7 39. g4 Kg6 40. a3 Kg5 41. Ng2 h5 42. gxh5 Kxh5 43. Ra7 f5 44. exf5 Bxf5 45. Bf7+ Kh6 46. Ne3 e4 47. Kg3 Bh7 48. Ng4+ Kg5 49. Re7 Nf5+ 0-1

[Event "FIDE Women’s World Rapid Championships 2024"]
[White "Muzychuk, Anna"]
[Black "Shuvalova, Polina"]
[Site "New York, USA"]
[Round "3"]
[Board "4"]
[Result "1/2-1/2"]
[Date "2024.12.26"]
[WhiteElo "2408"]
[BlackElo "2355"]
[PlyCount "75"]
[GameId "2127263858774492"]
[EventDate "2024.12.26"]
[EventType "rapid"]
[EventRounds "11"]
[EventCountry "FID"]

1. e4 e5 2. Nf3 Nc6 3. Bc4 Nf6 4. d3 Be7 5. O-O O-O 6. Nc3 d6 7. a3 Be6 8. Re1 h6 9. h3 Qd7 10. Nd5 Rae8 11. b4 Bd8 12. Nxf6+ Bxf6 13. Bxe6 Qxe6 14. c4 Bd8 15. Be3 f5 16. exf5 Qxf5 17. Ra2 a6 18. Rd2 Kh8 19. Nh2 Bg5 20. Qg4 Bxe3 21. fxe3 Nd8 22. Rf1 Qxg4 23. Nxg4 Ne6 24. Rdf2 Rxf2 25. Kxf2 Kg8 26. Ke2 Ra8 27. Kd2 a5 28. b5 b6 29. h4 h5 30. Nf2 Rf8 31. Ke2 Nc5 32. Rd1 Rf6 33. g3 Rg6 34. Kf3 Rf6+ 35. Ke2 Rg6 36. Kf3 Rf6+ 37. Ke2 Rg6 38. Kf3 1/2-1/2

[Event "FIDE Women’s World Rapid Championships 2024"]
[White "Munguntuul, Batkhuyag"]
[Black "Yip, Carissa"]
[Site "New York, USA"]
[Round "3"]
[Board "5"]
[Result "1/2-1/2"]
[Date "2024.12.26"]
[WhiteElo "2299"]
[BlackElo "2389"]
[PlyCount "124"]
[GameId "2127263858774493"]
[EventDate "2024.12.26"]
[EventType "rapid"]
[EventRounds "11"]
[EventCountry "FID"]

1. e4 g6 2. d4 Bg7 3. Nc3 a6 4. a4 d6 5. Bc4 b6 6. Nf3 e6 7. O-O Bb7 8. Bg5 Ne7 9. Qd2 h6 10. Be3 Nd7 11. h3 Kf8 12. Rfe1 Kg8 13. Rad1 Kh7 14. Bd3 Rf8 15. h4 Nf6 16. Nh2 d5 17. f3 dxe4 18. fxe4 Nc6 19. e5 Nh5 20. g4 Qxh4 21. Bf2 Qe7 22. gxh5 Kh8 23. Ng4 Rad8 24. Qf4 Nb4 25. Be4 Bxe4 26. Nxe4 Nxc2 27. Nef6 Nxe1 28. Rxe1 Qb4 29. Nxh6 g5 30. Qe4 Bxf6 31. exf6 Qxb2 32. Ng4 b5 33. Rb1 Qa3 34. axb5 axb5 35. Rxb5 Qh3 36. Ne5 Qxh5 37. Kg2 Rb8 38. Rxb8 Rxb8 39. Qf3 Qxf3+ 40. Kxf3 Kg8 41. Be3 Rb3 42. Ke4 Kf8 43. Bxg5 Ke8 44. Bf4 Rc3 45. Be3 Kf8 46. Bd2 Rc2 47. Bb4+ Ke8 48. Kd3 Rf2 49. Be7 Rb2 50. Kc4 Rb6 51. Kc5 Ra6 52. Nc6 Ra1 53. Ne5 Ra6 54. Kb5 Rb6+ 55. Kc4 Rb1 56. Kc5 Rb6 57. Nc4 Rb1 58. Kc6 Rc1 59. Kb5 Rb1+ 60. Kc6 Rc1 61. Kb5 Rb1+ 62. Kc6 Rc1 1/2-1/2

[Event "FIDE Women’s World Rapid Championships 2024"]
[White "Gunina, Valentina"]
[Black "Garifullina, Leya"]
[Site "New York, USA"]
[Round "3"]
[Board "6"]
[Result "1-0"]
[Date "2024.12.26"]
[WhiteElo "2388"]
[BlackElo "2336"]
[PlyCount "73"]
[GameId "2127263858778590"]
[EventDate "2024.12.26"]
[EventType "rapid"]
[EventRounds "11"]
[EventCountry "FID"]

1. d4 Nf6 2. c4 e6 3. Nf3 d5 4. Nc3 Bb4 5. cxd5 exd5 6. Bg5 h6 7. Bh4 O-O 8. e3 Bf5 9. Be2 Nbd7 10. Qb3 Qe7 11. O-O c6 12. a3 Bxc3 13. bxc3 b5 14. a4 a6 15. Ra3 Nb6 16. Ne5 Qe6 17. axb5 axb5 18. Bxf6 Qxf6 19. Rfa1 Rxa3 20. Rxa3 Nc4 21. Bxc4 bxc4 22. Qb7 Be6 23. Nxc6 Kh7 24. Ra1 Qg5 25. Nb4 Rd8 26. Qc7 Rd7 27. Qg3 Qh5 28. h3 Qe2 29. Qb8 Qb2 30. Ra8 Qxc3 31. Nc6 f6 32. Qh8+ Kg6 33. Qe8+ Kf5 34. Qh5+ Ke4 35. Qf3+ Kd3 36. e4+ Kc2 37. Ra2+ 1-0

[Event "FIDE Women’s World Rapid Championships 2024"]
[White "Kamalidenova, Meruert"]
[Black "Mammadzada, Gunay"]
[Site "New York, USA"]
[Round "3"]
[Board "7"]
[Result "0-1"]
[Date "2024.12.26"]
[WhiteElo "2368"]
[BlackElo "2319"]
[PlyCount "108"]
[GameId "2127263858778591"]
[EventDate "2024.12.26"]
[EventType "rapid"]
[EventRounds "11"]
[EventCountry "FID"]

1. e4 e5 2. Nf3 Nc6 3. d4 exd4 4. Bc4 Nf6 5. e5 d5 6. Bb5 Ne4 7. Nxd4 Bc5 8. O-O O-O 9. Bxc6 bxc6 10. c3 Ba6 11. Re1 f6 12. e6 Qd6 13. Nd2 f5 14. N2b3 Bb6 15. f3 c5 16. fxe4 cxd4 17. exf5 dxc3+ 18. Be3 cxb2 19. Rb1 c5 20. Rxb2 Rxf5 21. Rf2 Rxf2 22. Bxf2 Re8 23. Bg3 Qe7 24. Kh1 d4 25. Nd2 Bb7 26. Nc4 Qf6 27. Qg4 Bc8 28. Nd6 Rxe6 29. Ne4 Qg6 30. Qh4 Bb7 31. Ng5 Rxe1+ 32. Bxe1 h6 33. Nf3 Qe4 34. Qg3 Kh7 35. h3 c4 36. Qd6 Qd5 37. Qe7 Bc5 38. Qh4 c3 39. a4 Qf5 40. Ng1 c2 41. Bd2 Ba3 42. Qe1 Qe4 43. Qxe4+ Bxe4 44. Ne2 a5 45. Kg1 Bc6 46. Kf2 Bxa4 47. Ke1 d3 48. Nc1 Bb5 49. Kf2 a4 50. Ke3 Bc5+ 51. Ke4 a3 52. Kd5 Be7 53. Kd4 Bf6+ 54. Kc5 Bg5 0-1

[Event "FIDE Women’s World Rapid Championships 2024"]
[White "Zhu, Jiner"]
[Black "Fataliyeva, Ulviyya"]
[Site "New York, USA"]
[Round "3"]
[Board "8"]
[Result "1/2-1/2"]
[Date "2024.12.26"]
[WhiteElo "2449"]
[BlackElo "2237"]
[PlyCount "122"]
[GameId "2127263858778592"]
[EventDate "2024.12.26"]
[EventType "rapid"]
[EventRounds "11"]
[EventCountry "FID"]

1. e4 e5 2. Nf3 Nc6 3. Bb5 a6 4. Ba4 Nf6 5. d3 b5 6. Bb3 Bc5 7. c3 d6 8. Bg5 h6 9. Bh4 Bb6 10. Nbd2 g5 11. Bg3 Qe7 12. a4 Rb8 13. Nf1 Be6 14. axb5 axb5 15. Ne3 Bxb3 16. Qxb3 Bxe3 17. fxe3 Qe6 18. Qd1 Ne7 19. O-O O-O 20. Nd2 d5 21. Qf3 Kg7 22. exd5 Nfxd5 23. d4 Ng6 24. Rae1 Rbd8 25. Ne4 c6 26. Nc5 Qe7 27. Qf5 Rfe8 28. dxe5 Rf8 29. Ne4 Nb6 30. Qf6+ Kg8 31. Qxc6 Nc4 32. b3 Ncxe5 33. Bxe5 Qxe5 34. Nf6+ Kg7 35. Nd7 Rxd7 36. Qxd7 Qxc3 37. Qxb5 Rc8 38. Qd5 Rc7 39. Qd4+ Qxd4 40. exd4 Rd7 41. Re4 Nf4 42. Rexf4 gxf4 43. Rxf4 Rb7 44. Rf3 Kf8 45. Kf2 Ke7 46. Rh3 Rb4 47. Rxh6 Rxb3 48. Rh4 Ke6 49. Rf4 f5 50. h4 Rb2+ 51. Kg3 Rd2 52. h5 Kf6 53. h6 Kg6 54. Rh4 Kh7 55. Kf3 Rd3+ 56. Ke2 Rg3 57. d5 Rxg2+ 58. Ke3 Rg1 59. d6 Re1+ 60. Kf4 Re6 61. d7 Rd6 1/2-1/2

[Event "FIDE Women’s World Rapid Championships 2024"]
[White "Lagno, Kateryna"]
[Black "Abrahamyan, Tatev"]
[Site "New York, USA"]
[Round "3"]
[Board "9"]
[Result "1-0"]
[Date "2024.12.26"]
[WhiteElo "2433"]
[BlackElo "2305"]
[PlyCount "183"]
[GameId "2127263858778593"]
[EventDate "2024.12.26"]
[EventType "rapid"]
[EventRounds "11"]
[EventCountry "FID"]

1. e4 e6 2. Nf3 d5 3. Nc3 Nf6 4. e5 Nfd7 5. d4 c5 6. Ne2 cxd4 7. Nexd4 Nc6 8. Nxc6 bxc6 9. Bd3 Be7 10. O-O O-O 11. Re1 Nc5 12. Bf1 Qb6 13. c4 Ne4 14. Qc2 Bc5 15. Be3 f5 16. exf6 Nxf6 17. Bxc5 Qxc5 18. Bd3 Qd6 19. Rac1 Bd7 20. Ne5 Rac8 21. Nxd7 Qxd7 22. cxd5 cxd5 23. Qe2 Rxc1 24. Rxc1 Rc8 25. Re1 Kf7 26. Qe5 Rd8 27. g3 Qd6 28. Qd4 Qb6 29. Qe5 Qd6 30. Qe3 Qb6 31. Qd2 Rc8 32. b4 Qd6 33. Qe3 Rc7 34. b5 d4 35. Qe2 Qd5 36. Bc2 Re7 37. Bb3 Qd6 38. Qc4 g6 39. Rd1 Rd7 40. Rd3 Ne8 41. a4 Ke7 42. a5 e5 43. Rf3 Kd8 44. b6 axb6 45. axb6 Qxb6 46. Ba4 Qc7 47. Qb5 Nd6 48. Qxd7+ Qxd7 49. Bxd7 Kxd7 50. Rf8 Ke6 51. Kf1 e4 52. Ke2 Ke5 53. Ra8 d3+ 54. Kd2 Nc4+ 55. Kc3 Nd6 56. Ra5+ Ke6 57. Kd4 Ke7 58. Ra1 Ke6 59. Rf1 Kf5 60. f3 exf3 61. Rxf3+ Kg4 62. Rf4+ Kh3 63. Rf2 Nf5+ 64. Kxd3 Nh6 65. Ke4 Ng4 66. Rf7 h5 67. Kf4 Kxh2 68. Rg7 Nf2 69. Rxg6 Nh3+ 70. Kf3 Ng1+ 71. Kf2 Nh3+ 72. Kf1 Ng1 73. Rg7 Nh3 74. Rg8 Ng1 75. Kf2 Nh3+ 76. Kf3 Ng1+ 77. Ke3 Kg2 78. Rg7 Nh3 79. Ke4 Nf2+ 80. Kf4 Nh3+ 81. Ke3 Nf2 82. Rg8 Nh3 83. g4 h4 84. g5 Nf2 85. Rh8 Kg3 86. g6 Ng4+ 87. Ke2 h3 88. g7 Nf6 89. g8=Q+ Nxg8 90. Rxg8+ Kh2 91. Kf3 Kh1 92. Kg3 1-0